000 00550nam a2200229Ia 4500
003 OSt
005 20221007115735.0
006 a|||||r|||| 00| 0
007 ta
008 221006b |||||||| |||| 00| 0 eng d
024 _a38,018
037 _cTextual
040 _aLCO
_cLCO
_beng
041 _2eng
_aeng
082 _aX9M, Q8
100 _aBAXI Upendra
245 0 _aLaw's Ethical, Global and Theoretical Contexts
260 _c2018
300 _a408
942 _hX9M, Q8
_cTEXL
999 _c1207581
_d1207581